00470nam a2200109Ia 4500008004100000245009400041260000900135300009400144650003100238999001900269952007200288180130s9999 xx 000 0 und d cBudhwar, Pawan S.; Varma, ArupaManaging human resources in Asia-Pacific: an introduction c2014 aBook title: Managing human resources in Asia-Pacific--Acession number C18630; pages 1 - 9 aPERSONNEL MANAGEMENT--ASIA c353809d353809 001040aCLbCLd2018-01-30l0r2018-01-30 00:00:00w2018-01-30yBC